[Event "Muensterland op"]
[Site "Senden"]
[Date "2010.10.20"]
[Round "6.4"]
[White "Wewers, Reinhard"]
[Black "Schulze, Ulrich"]
[Result "1/2-1/2"]
[WhiteElo "2179"]
[BlackElo "2332"]
[PlyCount "80"]
[EventDate "2010.??.??"]

1. Nf3 Nf6 2. d4 g6 3. g3 Bg7 4. Bg2 O-O 5. O-O d5 6. c4 dxc4 7. Na3 Nc6 8.
Nxc4 Be6 9. b3 a5 10. e3 a4 11. Ba3 axb3 12. axb3 Bd5 13. Ncd2 Ne4 14. Nxe4
Bxe4 15. Nd2 Bxg2 16. Kxg2 Re8 17. Bb2 Rxa1 18. Bxa1 e5 19. dxe5 Nxe5 20. Nf3
Nc6 21. Bxg7 Kxg7 22. Qa1+ Qf6 23. Qxf6+ Kxf6 24. Rd1 Rd8 25. Rxd8 Nxd8 26. Kf1
g5 27. h3 h5 28. Ke2 Ne6 29. Nd2 g4 30. h4 Ke5 31. f4+ Kd5 32. b4 f5 33. Kd3 c5
34. b5 c4+ 35. Nxc4 Nc5+ 36. Kc3 Ne4+ 37. Kb4 Nxg3 38. Na5 Ne4 39. Nc4 g3 40.
Ne5 Nd2 1/2-1/2

[Event "Muensterland op"]
[Site "Senden"]
[Date "2010.10.20"]
[Round "6.5"]
[White "Meertens, Martin"]
[Black "Danin, Alexandre"]
[Result "1/2-1/2"]
[WhiteElo "2154"]
[BlackElo "2527"]
[PlyCount "56"]
[EventDate "2010.??.??"]

1. e4 e6 2. d4 d5 3. Nc3 Nf6 4. e5 Nfd7 5. f4 c5 6. Nf3 Nc6 7. Be3 a6 8. Qd2 b5
9. dxc5 Bxc5 10. Ne2 Qb6 11. Bxc5 Nxc5 12. Ned4 Nxd4 13. Nxd4 b4 14. Qe3 Rb8
15. Bd3 O-O 16. O-O a5 17. Rae1 a4 18. b3 Bd7 19. Rf3 Nxd3 20. cxd3 axb3 21.
axb3 Rbc8 22. Rg3 Rb8 23. Kh1 Rfc8 24. h4 Rc3 25. h5 Qd8 26. Rg5 Rbc8 27. Kh2
Kh8 28. Rf1 Qe7 1/2-1/2

[Event "Muensterland op"]
[Site "Senden"]
[Date "2010.10.20"]
[Round "6.6"]
[White "Chilla, Jan Eric"]
[Black "Sazanov, Nikolay"]
[Result "1-0"]
[WhiteElo "2147"]
[BlackElo "2220"]
[PlyCount "79"]
[EventDate "2010.??.??"]

1. e4 e6 2. d4 d5 3. Nc3 dxe4 4. Nxe4 b6 5. Nf3 Bb7 6. Bb5+ c6 7. Bd3 Nd7 8.
Bf4 Ndf6 9. Nxf6+ gxf6 10. Qe2 Ne7 11. O-O-O Nd5 12. Bd2 a5 13. c4 Nb4 14. Bb1
b5 15. a3 Na6 16. cxb5 Nc7 17. Bd3 Nd5 18. Kb1 Bd6 19. Rc1 cxb5 20. Bxb5+ Ke7
21. Nh4 h5 22. Nf5+ Kf8 23. Bh6+ Rxh6 24. Nxh6 Nf4 25. Qc2 Kg7 26. Nxf7 Kxf7
27. Qh7+ Kf8 28. Qh8+ Kf7 29. Qh7+ Kf8 30. Qxb7 Rb8 31. Qc6 h4 32. g3 Rb6 33.
Qc8 Qxc8 34. Rxc8+ Ke7 35. a4 Nh3 36. f4 Nf2 37. Re1 Ng4 38. Re8+ Kf7 39. R1xe6
h3 40. Re2 1-0

[Event "Muensterland op"]
[Site "Senden"]
[Date "2010.10.20"]
[Round "6.7"]
[White "Pienski, Olaf"]
[Black "Seegers, Hendrik"]
[Result "1/2-1/2"]
[WhiteElo "2098"]
[BlackElo "2201"]
[PlyCount "131"]
[EventDate "2010.??.??"]

1. e4 d5 2. exd5 Nf6 3. d4 Nxd5 4. Nf3 g6 5. c4 Nb6 6. Nc3 Bg7 7. Be2 O-O 8.
O-O Nc6 9. Be3 e5 10. dxe5 Nxe5 11. Nxe5 Bxe5 12. c5 Nd7 13. Qb3 b6 14. Bf3 Rb8
15. c6 Nf6 16. Rad1 Qe7 17. Rfe1 Be6 18. Qb5 Ng4 19. Bxg4 Bxg4 20. f3 a6 21.
Qf1 Be6 22. Qf2 Rfd8 23. f4 Bg7 24. f5 gxf5 25. Qg3 Kh8 26. Kh1 Rg8 27. Qf4
Rbd8 28. Bf2 Bf6 29. Bg3 Rxd1 30. Rxd1 Rc8 31. h3 Qc5 32. Qf3 b5 33. Ne4 Qe7
34. Nxf6 Qxf6 35. Qe3 f4 36. Bxf4 Qf5 37. Qe5+ f6 38. Qxf5 Bxf5 39. Rd4 Kg7 40.
g4 Be6 41. Kh2 Kf7 42. g5 fxg5 43. Bxg5 Rb8 44. Be3 Kf6 45. a3 Re8 46. Bf4 Bf5
47. Kg3 Re2 48. Rd2 Rxd2 49. Bxd2 Ke7 50. h4 Kd6 51. Kf4 Bc2 52. Ke3 Bb3 53.
Kd4 Kxc6 54. Ba5 Bf7 55. Bb4 Kb6 56. Bc5+ Ka5 57. Bb4+ Ka4 58. Kc5 Be8 59. Bc3
a5 60. Be5 c6 61. Bf6 Kb3 62. Bg7 b4 63. axb4 axb4 64. Bf6 Ka4 65. Bg7 b3 66.
Bc3 1/2-1/2

[Event "Muensterland op"]
[Site "Senden"]
[Date "2010.10.20"]
[Round "6.8"]
[White "Swinkels, Maurice"]
[Black "Korth, Daniel"]
[Result "1/2-1/2"]
[WhiteElo "2060"]
[BlackElo "2201"]
[PlyCount "149"]
[EventDate "2010.??.??"]

1. e4 e5 2. Nf3 Nc6 3. d4 exd4 4. Nxd4 Bc5 5. Be3 Qf6 6. c3 Nge7 7. g3 O-O 8.
Bg2 Bb6 9. O-O Rd8 10. Qd2 Nxd4 11. cxd4 h6 12. Nc3 Qg6 13. Rad1 d6 14. f4 f5
15. e5 d5 16. Na4 Be6 17. Nxb6 axb6 18. b3 Qe8 19. Ra1 Qd7 20. Rfc1 Ra3 21. Rc2
Rda8 22. Qc3 c6 23. Bf1 Kh8 24. Qb2 R3a7 25. Bd2 Rg8 26. Qc1 Qd8 27. a4 Qd7 28.
Rca2 Rga8 29. Ra3 g6 30. b4 Rc8 31. Be3 Kh7 32. Qd1 Kg7 33. Rc3 Rca8 34. b5 Rc8
35. Rcc1 Kf7 36. Qd2 Qd8 37. Qb4 Raa8 38. Bd2 Rcb8 39. Qb2 Qe8 40. Bb4 Nc8 41.
Ra3 Bd7 42. Qb3 Qe6 43. Qc2 Ra7 44. Rca1 Rba8 45. Qb3 Rb8 46. a5 cxb5 47. axb6
Rxa3 48. Bxa3 Nxb6 49. Bd6 Rc8 50. Bxb5 Nc4 51. Bxd7 Qxd7 52. Ra7 Nxd6 53. exd6
Ke6 54. Rxb7 Qxd6 55. Qe3+ Kf6 56. h4 Rg8 57. Qe5+ Qxe5 58. fxe5+ Ke6 59. Rb6+
Ke7 60. Rd6 g5 61. hxg5 Rxg5 62. Kf2 Rg4 63. Rxd5 Re4 64. Rd6 h5 65. Kg2 h4 66.
gxh4 Rxh4 67. Kf3 Re4 68. Rd5 Ke6 69. Rd8 Ke7 70. Rd6 Kf7 71. d5 Rxe5 72. Kf4
Re1 73. Kxf5 Ke7 74. Rh6 Kd7 75. Re6 1/2-1/2

[Event "Muensterland op"]
[Site "Senden"]
[Date "2010.10.20"]
[Round "6.9"]
[White "Freitag, Julia"]
[Black "Koke, Christoph"]
[Result "0-1"]
[WhiteElo "2185"]
[BlackElo "2071"]
[PlyCount "68"]
[EventDate "2010.??.??"]

1. d4 Nf6 2. e3 g6 3. f4 Bg7 4. Nf3 O-O 5. c3 d6 6. Bc4 d5 7. Bd3 b6 8. Ne5
Nfd7 9. O-O Nxe5 10. fxe5 Bb7 11. Nd2 c5 12. Qg4 f6 13. Nf3 Qd7 14. e6 f5 15.
Qh3 Qe8 16. Ng5 h6 17. Nf7 Rxf7 18. exf7+ Qxf7 19. b3 Nd7 20. Bb2 e5 21. g4 e4
22. Be2 Rf8 23. Rf2 Bc8 24. gxf5 gxf5 25. Kh1 Nf6 26. Rg1 f4 27. Qxh6 f3 28.
Bb5 Ng4 29. Rxg4 Bxg4 30. Qg5 Qf5 31. Qxf5 Bxf5 32. Bc6 Be6 33. c4 cxd4 34.
exd4 e3 0-1

[Event "Muensterland op"]
[Site "Senden"]
[Date "2010.10.20"]
[Round "6.10"]
[White "Hassenrück, Helmut"]
[Black "Hilpisch, Ralf"]
[Result "1-0"]
[WhiteElo "2184"]
[BlackElo "2017"]
[PlyCount "109"]
[EventDate "2010.??.??"]

1. d4 Nf6 2. Nf3 g6 3. c4 Bg7 4. Nc3 d5 5. cxd5 Nxd5 6. e4 Nxc3 7. bxc3 c5 8.
Rb1 O-O 9. Be2 b6 10. O-O Bb7 11. d5 Bxc3 12. Bc4 Bg7 13. e5 Ba6 14. Qd3 Qc8
15. Bg5 Re8 16. Rfe1 Bxc4 17. Qxc4 Qf5 18. Qh4 h6 19. Bxh6 Nd7 20. Bxg7 Kxg7
21. Rb3 Qh5 22. Qa4 Nf8 23. g4 Qh3 24. Ng5 Qh4 25. Qf4 f6 26. exf6+ exf6 27.
Rxe8 Rxe8 28. Qc7+ Kh8 29. Rh3 Re1+ 30. Kg2 fxg5 31. Rxh4+ gxh4 32. Qf7 Nh7 33.
Qxg6 c4 34. d6 Nf8 35. Qh5+ Kg7 36. Qg5+ Kf7 37. Qd5+ Ne6 38. Qxc4 Rd1 39. Qc6
Rd3 40. Qd7+ Kf6 41. Qe7+ Ke5 42. f4+ Kd5 43. Kf2 Nd4 44. Qe5+ Kc4 45. Qe4 Kc3
46. Qe1+ Kc4 47. d7 Nc6 48. Qe6+ Kc5 49. Qf5+ Rd5 50. Qf8+ Kd4 51. Qg7+ Kc5 52.
g5 Rd2+ 53. Ke3 Rd5 54. g6 Kd6 55. Qf7 1-0

[Event "Muensterland op"]
[Site "Senden"]
[Date "2010.10.21"]
[Round "7.1"]
[White "Karpatchev, Aleksandr"]
[Black "Malaniuk, Vladimir P"]
[Result "0-1"]
[WhiteElo "2472"]
[BlackElo "2527"]
[PlyCount "38"]
[EventDate "2010.??.??"]

1. e4 e5 2. Nf3 Nc6 3. Bb5 a6 4. Ba4 Nf6 5. O-O Bc5 6. c3 b5 7. Bc2 d5 8. d4
dxe4 9. dxe5 exf3 10. exf6 Qxf6 11. Re1+ (11. Nd2 $1 O-O 12. Ne4 Qg6 13. Ng3
Qf6 14. Qd3 g6 15. Ne4 Qf5 16. Nxc5 fxg2 17. Re1 Qxc5 18. Qf3 $1 {
Svidler-Stefanova, Gibraltar 2009}) 11... Be6 12. Be4 (12. Nd2 O-O-O 13. Qxf3
Qxf3 14. Nxf3 Bd5 15. b4 {1/2:1/2 Svidler-Onischuk, Beersheba 2005}) 12... Ne5
13. Bxa8 Bxf2+ 14. Kxf2 Qh4+ 15. Ke3 fxg2 16. Bxg2 O-O 17. b3 (17. Na3 Re8)
17... Re8 18. Kd2 Bf5 19. Rxe5 Qf4+ 0-1

[Event "Muensterland op"]
[Site "Senden"]
[Date "2010.10.21"]
[Round "7.3"]
[White "Lehmann, Holger"]
[Black "Kotainy, Jens"]
[Result "1/2-1/2"]
[WhiteElo "2173"]
[BlackElo "2343"]
[PlyCount "41"]
[EventDate "2010.??.??"]

1. d4 e6 2. c4 f5 3. g3 Nf6 4. Bg2 Bb4+ 5. Bd2 Bxd2+ 6. Qxd2 O-O 7. Nc3 d6 8.
Nf3 Nc6 9. O-O Qe7 10. Rac1 e5 11. Nd5 Qd8 12. dxe5 dxe5 13. Rfd1 e4 14. Ng5
Qd6 15. f3 Rb8 16. Kh1 h6 17. Nh3 exf3 18. exf3 Ne7 19. Nxf6+ Qxf6 20. f4 Re8
21. Re1 1/2-1/2

[Event "Muensterland op"]
[Site "Senden"]
[Date "2010.10.21"]
[Round "7.4"]
[White "Hausrath, Daniel"]
[Black "Chilla, Jan Eric"]
[Result "1-0"]
[WhiteElo "2537"]
[BlackElo "2147"]
[PlyCount "79"]
[EventDate "2010.??.??"]

1. c4 e6 2. g3 f5 3. Bg2 Nf6 4. Nf3 Be7 5. O-O O-O 6. d4 d6 7. Nc3 Qe8 8. b3
Qh5 9. Ba3 a6 10. d5 exd5 11. Nxd5 Bd8 12. c5 dxc5 13. Bxc5 Re8 14. Nf4 Qh6 15.
Ne5 c6 16. Nc4 Bc7 17. e3 g5 18. Bb6 Bxb6 19. Nxb6 gxf4 20. exf4 Ra7 21. Qd4
Be6 22. Rfe1 Qf8 23. Nd5 Bxd5 24. Qxa7 Bxg2 25. Kxg2 Rxe1 26. Rxe1 Qc8 27. Re7
Nbd7 28. Qd4 Qf8 29. Qd6 h6 30. Qe6+ Kh8 31. Rxd7 Nxd7 32. Qxd7 Qc5 33. Qc8+
Kg7 34. Qxb7+ Kg6 35. Qxa6 Qd5+ 36. Kg1 Qd1+ 37. Qf1 Qc2 38. Qc4 Qd1+ 39. Kg2
Kh5 40. Qf7+ 1-0

[Event "Muensterland op"]
[Site "Senden"]
[Date "2010.10.21"]
[Round "7.5"]
[White "Koke, Christoph"]
[Black "Hassenrück, Helmut"]
[Result "0-1"]
[WhiteElo "2071"]
[BlackElo "2184"]
[PlyCount "44"]
[EventDate "2010.??.??"]

1. d4 Nf6 2. c4 e6 3. g3 c5 4. d5 exd5 5. cxd5 b5 6. Bg2 d6 7. e4 Nbd7 8. Ne2
g6 9. O-O Bg7 10. Qc2 O-O 11. h3 Re8 12. g4 b4 13. g5 Nh5 14. Nf4 Nxf4 15. Bxf4
Ne5 16. a3 Ba6 17. Rd1 b3 18. Qxb3 Rb8 19. Qa4 Be2 20. Rd2 Nf3+ 21. Bxf3 Bxf3
22. Nc3 Bxc3 0-1

[Event "Muensterland op"]
[Site "Senden"]
[Date "2010.10.21"]
[Round "7.6"]
[White "Seegers, Hendrik"]
[Black "Harff, Marcel"]
[Result "1-0"]
[WhiteElo "2201"]
[BlackElo "2162"]
[PlyCount "113"]
[EventDate "2010.??.??"]

1. d4 Nf6 2. Nf3 e6 3. Bf4 Bd6 4. Bxd6 cxd6 5. c4 Qa5+ 6. Qd2 Qxd2+ 7. Nbxd2 d5
8. e3 b6 9. Rc1 dxc4 10. Nxc4 Nc6 11. Nfe5 Nxe5 12. dxe5 Nd5 13. Be2 Ke7 14.
O-O Ba6 15. Bf3 f6 16. Rfd1 Bb7 17. Nd6 Bc6 18. Bxd5 Bxd5 19. f4 fxe5 20. fxe5
Bc6 21. b4 a6 22. a3 h5 23. Rf1 Raf8 24. Rxf8 Kxf8 25. Rf1+ Kg8 26. Nf7 Rh7 27.
Ng5 Rh6 28. h4 a5 29. bxa5 bxa5 30. Rf2 Rg6 31. Kf1 Rxg5 32. hxg5 Kh7 33. Rf7
Kg6 34. Re7 a4 35. g3 Kxg5 36. Rxg7+ Kf5 37. Kf2 Kxe5 38. Rg5+ Ke4 39. Rxh5 Kd3
40. Rh4 Be4 41. Rh8 Kc3 42. Rb8 d5 43. g4 e5 44. Rb5 Bg6 45. Rxd5 Kb3 46. Rxe5
Kxa3 47. Rb5 Ka2 48. g5 a3 49. Rb6 Be4 50. g6 Ka1 51. g7 Bd5 52. e4 a2 53. Ra6
Bc4 54. Ra8 Kb2 55. Ke3 Kc3 56. Ra4 Bf7 57. Kf4 1-0

[Event "Muensterland op"]
[Site "Senden"]
[Date "2010.10.21"]
[Round "7.7"]
[White "Danin, Alexandre"]
[Black "Kuznetsov, Mark"]
[Result "1-0"]
[WhiteElo "2527"]
[BlackElo "2123"]
[PlyCount "101"]
[EventDate "2010.??.??"]

1. e4 c6 2. d4 d5 3. exd5 cxd5 4. c4 Nf6 5. Nc3 e6 6. Nf3 Nc6 7. c5 Be7 8. Bb5
Bd7 9. O-O O-O 10. Bf4 Ne8 11. a3 Bf6 12. Re1 g6 13. h3 Ng7 14. Rb1 Nf5 15.
Bxc6 Bxc6 16. b4 Re8 17. Qd2 Bg7 18. Nd1 a6 19. Ne3 Nh4 20. Nxh4 Qxh4 21. Ng4
Qe7 22. Rb3 Bb5 23. Bd6 Qh4 24. Bf4 Qe7 25. Rf3 f5 26. Ne5 Bxe5 27. Bxe5 Qh4
28. Rg3 Kf7 29. Bf4 Qf6 30. Bg5 Qg7 31. Qf4 Rac8 32. Rge3 Rc6 33. h4 Rh8 34.
Bh6 Qf6 35. Rg3 Qe7 36. Bg5 Qc7 37. Re5 a5 38. Rge3 Re8 39. Rg3 axb4 40. axb4
Qc8 41. h5 Rh8 42. Bh4 Rc7 43. Qg5 Kg8 44. Rge3 Bd7 45. hxg6 h6 46. Qf6 Qf8 47.
Rxe6 Qxf6 48. Bxf6 Bxe6 49. Rxe6 Rc8 50. Rd6 h5 51. Bxh8 1-0

[Event "Muensterland op"]
[Site "Senden"]
[Date "2010.10.21"]
[Round "7.8"]
[White "Korth, Daniel"]
[Black "Peterwitz, Klaus"]
[Result "1/2-1/2"]
[WhiteElo "2201"]
[BlackElo "2092"]
[PlyCount "118"]
[EventDate "2010.??.??"]

1. d4 Nf6 2. Nf3 g6 3. Bg5 Bg7 4. Nbd2 d5 5. e3 Nbd7 6. Be2 O-O 7. h3 Re8 8.
Bf4 c6 9. c3 Qb6 10. Qb3 h6 11. Bh2 Nh7 12. O-O Qxb3 13. axb3 e5 14. dxe5 Nxe5
15. Nxe5 Bxe5 16. Bxe5 Rxe5 17. b4 a6 18. Nf3 Re7 19. b5 cxb5 20. Bxb5 Be6 21.
Rfd1 Nf6 22. Bf1 Rc8 23. Nd4 Rc5 24. Ra4 Kg7 25. Nb3 Rcc7 26. Nd4 Ne4 27. Rb4
Nf6 28. Be2 Nd7 29. Ra4 Ne5 30. Ra5 Nc6 31. Nxc6 Rxc6 32. Bf3 Rb6 33. Rd2 Rd7
34. Kf1 Kf6 35. Ke2 Ke7 36. Kd1 Rbd6 37. Kc1 Rd8 38. Rd4 R6d7 39. Rb4 Rc8 40.
Rb6 Rcc7 41. Ra4 Rd6 42. Rab4 Rxb6 43. Rxb6 Kd7 44. Kd2 Kc8 45. Rb4 b5 46. Kd3
Kd7 47. Rd4 Kc6 48. Kd2 Rd7 49. g4 a5 50. Bg2 g5 51. Ke2 f6 52. f4 Bf7 53. Kf2
Re7 54. c4 bxc4 55. Rxc4+ Kd6 56. Ra4 Rb7 57. Rxa5 Rxb2+ 58. Kg3 Rb3 59. Kf2
Rb2+ 1/2-1/2

[Event "Muensterland op"]
[Site "Senden"]
[Date "2010.10.21"]
[Round "7.9"]
[White "Terhorst, Jochen"]
[Black "Pienski, Olaf"]
[Result "1/2-1/2"]
[WhiteElo "2185"]
[BlackElo "2098"]
[PlyCount "31"]
[EventDate "2010.??.??"]

1. e4 c5 2. c3 e6 3. d4 d5 4. exd5 exd5 5. Nf3 Nc6 6. Bb5 Bd6 7. dxc5 Bxc5 8.
O-O Nge7 9. Nbd2 O-O 10. Nb3 Bb6 11. h3 Bf5 12. Nbd4 Bg6 13. Re1 Qc7 14. Be3 a6
15. Nxc6 bxc6 16. Bd3 1/2-1/2

[Event "Muensterland op"]
[Site "Senden"]
[Date "2010.10.21"]
[Round "7.10"]
[White "Swinkels, Maurice"]
[Black "Wewers, Reinhard"]
[Result "0-1"]
[WhiteElo "2060"]
[BlackElo "2179"]
[PlyCount "52"]
[EventDate "2010.??.??"]

1. e4 c5 2. Nf3 e6 3. d4 cxd4 4. Nxd4 a6 5. Nc3 Qc7 6. Be2 Nf6 7. O-O d6 8. Be3
b5 9. f4 b4 10. Nb1 Nxe4 11. Bf3 d5 12. f5 e5 13. Bxe4 dxe4 14. Qg4 exd4 15.
Qxe4+ Be7 16. Bxd4 Bb7 17. Qg4 Nc6 18. Bxg7 Bc5+ 19. Kh1 O-O-O 20. Bxh8 Rxh8
21. Nd2 h5 22. Qg7 Rd8 23. Nf3 Nd4 24. Rad1 Nxf3 25. Rxd8+ Qxd8 26. gxf3 Bxf3+
0-1

[Event "Muensterland op"]
[Site "Senden"]
[Date "2010.10.22"]
[Round "8.1"]
[White "Malaniuk, Vladimir P"]
[Black "Hassenrück, Helmut"]
[Result "1-0"]
[WhiteElo "2527"]
[BlackElo "2184"]
[PlyCount "71"]
[EventDate "2010.??.??"]

1. d4 Nf6 2. Nf3 e6 3. c4 b6 4. Nc3 Bb4 5. Bg5 h6 6. Bh4 g5 7. Bg3 Ne4 8. Rc1
Bb7 9. Nd2 Bxc3 10. bxc3 Nxg3 11. hxg3 d6 12. e4 Nd7 13. Bd3 Qe7 14. Nf1 c5 15.
Ne3 O-O-O 16. g4 Nf6 17. d5 Kb8 18. Kd2 Rdg8 19. Kc2 h5 20. gxh5 g4 21. g3 Nxh5
22. Nxg4 f5 23. exf5 exd5 24. Re1 Qd7 25. Kb2 Ba6 26. Ne3 dxc4 27. Bxc4 Bxc4
28. Nxc4 d5 29. Ne5 Qb5+ 30. Ka1 Nf6 31. c4 Qa6 32. cxd5 Rh2 33. Nc6+ Kc7 34.
Re7+ Nd7 35. Qe1 Qd3 36. Rxd7+ 1-0

[Event "Muensterland op"]
[Site "Senden"]
[Date "2010.10.22"]
[Round "8.2"]
[White "Ivanov, Michail"]
[Black "Hausrath, Daniel"]
[Result "1-0"]
[WhiteElo "2438"]
[BlackElo "2537"]
[PlyCount "65"]
[EventDate "2010.??.??"]

1. d4 Nf6 2. Nf3 g6 3. c4 Bg7 4. g3 O-O 5. Bg2 d6 6. O-O c6 7. Nc3 Qa5 8. e4 e5
9. h3 Nbd7 10. Qc2 exd4 11. Nxd4 Qc5 12. Nce2 Nb6 13. b3 d5 14. exd5 cxd5 15.
Be3 Qe7 16. c5 Nbd7 17. Rac1 Ne5 18. Rfe1 Re8 19. b4 a5 20. Bg5 Nc6 21. b5 Nxd4
22. Nxd4 Qxe1+ 23. Rxe1 Rxe1+ 24. Kh2 Ne4 25. Be3 h5 26. Bxe4 Bxd4 27. Bxd5
Bxe3 28. Qxg6+ Kh8 29. Qxh5+ Kg7 30. Qxf7+ Kh6 31. Qf8+ Kg5 32. Qg7+ Kf5 33.
g4+ 1-0

[Event "Muensterland op"]
[Site "Senden"]
[Date "2010.10.22"]
[Round "8.3"]
[White "Kotainy, Jens"]
[Black "Schulze, Ulrich"]
[Result "1-0"]
[WhiteElo "2343"]
[BlackElo "2332"]
[PlyCount "47"]
[EventDate "2010.??.??"]

1. e4 c6 2. c4 d5 3. cxd5 cxd5 4. exd5 Nf6 5. Qa4+ Nbd7 6. Nc3 g6 7. Nf3 Bg7 8.
Bc4 O-O 9. d3 a6 10. Qa3 b6 11. O-O Bb7 12. Re1 Re8 13. Ng5 Rc8 14. d6 e6 15.
Bf4 b5 16. Bb3 Nc5 17. Rad1 Nh5 18. Be3 Qxd6 19. d4 Qc6 20. d5 Qc7 21. Bxc5
Qxc5 22. dxe6 fxe6 23. Qxc5 Rxc5 24. Nxe6 1-0

[Event "Muensterland op"]
[Site "Senden"]
[Date "2010.10.22"]
[Round "8.4"]
[White "Wewers, Reinhard"]
[Black "Danin, Alexandre"]
[Result "0-1"]
[WhiteElo "2179"]
[BlackElo "2527"]
[PlyCount "82"]
[EventDate "2010.??.??"]

1. Nf3 Nf6 2. g3 g6 3. Bg2 Bg7 4. O-O O-O 5. d4 d5 6. c4 dxc4 7. Na3 Nc6 8.
Nxc4 Be6 9. b3 Bd5 10. Bb2 a5 11. Rc1 a4 12. bxa4 Ra6 13. a3 Qa8 14. Ne3 Be4
15. Nc4 Rd8 16. Ncd2 Rxa4 17. Nxe4 Nxe4 18. Qc2 Nd6 19. Qb3 Qa6 20. Rfd1 Qb5
21. Qxb5 Nxb5 22. Rd3 Bxd4 23. Nxd4 Ncxd4 24. Kf1 c6 25. e3 Ne6 26. Rxd8+ Nxd8
27. Rd1 Nd6 28. e4 Ne6 29. f3 Ra5 30. Bc1 f6 31. f4 Kf7 32. Bf3 Rc5 33. Kg2
Rc2+ 34. Kh3 Nb5 35. f5 Ned4 36. fxg6+ hxg6 37. Bg4 c5 38. Rf1 Nc3 39. Bc8 Nxe4
40. Bxb7 Nf2+ 41. Kh4 Nf5# 0-1

[Event "Muensterland op"]
[Site "Senden"]
[Date "2010.10.22"]
[Round "8.5"]
[White "Lehmann, Holger"]
[Black "Karpatchev, Aleksandr"]
[Result "0-1"]
[WhiteElo "2173"]
[BlackElo "2472"]
[PlyCount "40"]
[EventDate "2010.??.??"]

1. d4 d5 2. c4 dxc4 3. e4 Nc6 4. Nf3 Bg4 5. d5 Ne5 6. Qd4 Nxf3+ 7. gxf3 Bxf3 8.
Bxc4 e6 9. Rg1 exd5 10. exd5 Qf6 11. Be3 Qxd4 12. Bxd4 O-O-O 13. Bxg7 Bxg7 14.
Rxg7 Bxd5 15. Bxd5 Rxd5 16. Rxf7 Nh6 17. Re7 Nf5 18. Re4 Nd6 19. Re7 Kd8 20.
Nc3 Rg5 0-1

[Event "Muensterland op"]
[Site "Senden"]
[Date "2010.10.22"]
[Round "8.6"]
[White "Meertens, Martin"]
[Black "Seegers, Hendrik"]
[Result "0-1"]
[WhiteElo "2154"]
[BlackElo "2201"]
[PlyCount "83"]
[EventDate "2010.??.??"]

1. e4 d5 2. exd5 Nf6 3. d4 Nxd5 4. c4 Nb6 5. Nf3 g6 6. c5 Nd5 7. Bc4 e6 8. Bg5
Nf6 9. Nc3 Bg7 10. Ne5 O-O 11. Ne4 h6 12. Nxf6+ Bxf6 13. Bxh6 Re8 14. Qf3 Nd7
15. Rd1 Bxe5 16. dxe5 Qh4 17. Qf4 Qxf4 18. Bxf4 Nxc5 19. b4 Nd7 20. h4 a5 21.
b5 Nb6 22. Be2 Nd5 23. Bg5 Kg7 24. Rxd5 exd5 25. Bf6+ Kg8 26. f4 Bf5 27. h5 c5
28. Bf3 Re6 29. Bxd5 Rxf6 30. exf6 Re8+ 31. Kf2 Rd8 32. Bxb7 Rd2+ 33. Ke3 Rd3+
34. Ke2 Ra3 35. Bd5 Bd3+ 36. Kf2 c4 37. Ra1 gxh5 38. b6 Rc3 39. b7 Rc2+ 40. Ke3
Rb2 41. Kd4 Kh7 42. Re1 0-1

[Event "Muensterland op"]
[Site "Senden"]
[Date "2010.10.22"]
[Round "8.7"]
[White "Peterwitz, Klaus"]
[Black "Sazanov, Nikolay"]
[Result "0-1"]
[WhiteElo "2092"]
[BlackElo "2220"]
[PlyCount "68"]
[EventDate "2010.??.??"]

1. e4 e6 2. d4 d5 3. Nd2 Nc6 4. Ngf3 Nf6 5. e5 Ne4 6. Bd3 f5 7. exf6 Nxf6 8. c3
Bd6 9. Qe2 O-O 10. Ne5 Ne7 11. Ndf3 c5 12. dxc5 Bxc5 13. Be3 Bd6 14. O-O Qc7
15. Bd2 Rb8 16. Rfe1 b5 17. Bxb5 Ne4 18. Bd3 Rxb2 19. Bxe4 dxe4 20. Qxe4 Bxe5
21. Qxe5 Qxe5 22. Rxe5 Rxf3 23. gxf3 Rxd2 24. Rc5 Kf7 25. Rc7 a5 26. Ra7 Rd5
27. c4 Rc5 28. Rb1 Kf6 29. Rb5 Rxc4 30. Raxa5 Bd7 31. Rc5 Rd4 32. Kf1 Nd5 33.
Ra8 Nf4 34. Rc1 Bb5+ 0-1

[Event "Muensterland op"]
[Site "Senden"]
[Date "2010.10.22"]
[Round "8.8"]
[White "Grälken, Matthias"]
[Black "Korth, Daniel"]
[Result "1/2-1/2"]
[WhiteElo "2136"]
[BlackElo "2201"]
[PlyCount "92"]
[EventDate "2010.??.??"]

1. d4 d5 2. Bf4 c6 3. e3 Qb6 4. Qc1 Bf5 5. Nf3 Nf6 6. Be2 e6 7. h3 Be7 8. O-O
O-O 9. c4 Nbd7 10. Nc3 Ne4 11. c5 Qd8 12. b4 Qc8 13. Qb2 Nxc3 14. Qxc3 Bd8 15.
a4 h6 16. b5 Bc7 17. Bxc7 Qxc7 18. Ra3 f6 19. Rb3 Rf7 20. Ra1 Raf8 21. Ra2 e5
22. Rab2 e4 23. Nh2 Nb8 24. b6 axb6 25. Rxb6 Bc8 26. a5 f5 27. Bf1 Rf6 28. R6b3
R8f7 29. Qb4 f4 30. Qb6 Qe7 31. Qa7 Qc7 32. Qb6 Qe7 33. Ng4 Bxg4 34. hxg4 Qf8
35. a6 Nxa6 36. Bxa6 bxa6 37. Qxa6 Kh7 38. Rb8 Qe7 39. R2b7 Qe6 40. Rxf7 Rxf7
41. exf4 Rxf4 42. Qc8 Qxg4 43. Qg8+ Kg6 44. Qe8+ Kh7 45. Qg8+ Kg6 46. Qe8+ Kh7
1/2-1/2

[Event "Muensterland op"]
[Site "Senden"]
[Date "2010.10.22"]
[Round "8.9"]
[White "Terhorst, Jochen"]
[Black "Beutelhoff, Josef"]
[Result "1/2-1/2"]
[WhiteElo "2185"]
[BlackElo "2129"]
[PlyCount "69"]
[EventDate "2010.??.??"]

1. e4 e6 2. d3 c5 3. Nf3 Nc6 4. g3 g6 5. Bg2 Bg7 6. O-O Nge7 7. Re1 O-O 8. c3
d5 9. e5 b5 10. Bf4 f6 11. exf6 Bxf6 12. Qe2 Bd7 13. Bd6 Qb6 14. Bh3 Nd8 15.
Bf4 Nf5 16. Ne5 Bc8 17. Nd2 a5 18. Ndf3 Nf7 19. Nxf7 Rxf7 20. Ne5 Rf8 21. Bg2
Ra7 22. h4 b4 23. Ng4 Bg7 24. Be5 Raf7 25. Qd2 Kh8 26. Re2 Ba6 27. Kh2 c4 28.
d4 Bc8 29. Rh1 Rb7 30. Qg5 Qd8 31. Qd2 Qb6 32. Bxg7+ Kxg7 33. h5 bxc3 34. bxc3
Qd8 35. Ne5 1/2-1/2

[Event "Muensterland op"]
[Site "Senden"]
[Date "2010.10.22"]
[Round "8.10"]
[White "Stöckmann, Helmut"]
[Black "Pienski, Olaf"]
[Result "1-0"]
[WhiteElo "2174"]
[BlackElo "2098"]
[PlyCount "85"]
[EventDate "2010.??.??"]

1. c4 c6 2. Nc3 d5 3. cxd5 cxd5 4. d4 Nf6 5. Nf3 Nc6 6. Bf4 a6 7. e3 Bg4 8. Be2
e6 9. h3 Bxf3 10. Bxf3 Bd6 11. Bxd6 Qxd6 12. O-O O-O 13. Rc1 Rfc8 14. Na4 Nd7
15. Qe2 Na5 16. b3 b5 17. Nb2 Qa3 18. Nd3 Nc6 19. Rc2 Ne7 20. Rfc1 g6 21. Rxc8+
Rxc8 22. Rxc8+ Nxc8 23. Qc2 Nd6 24. g3 Nf6 25. Bg2 Nde4 26. Ne5 Kg7 27. Qc7 Nd6
28. Qe7 Ng8 29. Qc7 Nh6 30. g4 a5 31. Qd8 Ng8 32. h4 h6 33. Qc7 a4 34. g5 h5
35. Bf1 axb3 36. axb3 Qb4 37. Bd3 Kf8 38. Bxg6 fxg6 39. Nxg6+ Ke8 40. Qg7 Ne4
41. Qxg8+ Kd7 42. Ne5+ Kc7 43. Qf7+ 1-0

[Event "Muensterland op"]
[Site "Senden"]
[Date "2010.10.23"]
[Round "9.2"]
[White "Danin, Alexandre"]
[Black "Kotainy, Jens"]
[Result "1-0"]
[WhiteElo "2527"]
[BlackElo "2343"]
[PlyCount "65"]
[EventDate "2010.??.??"]

1. e4 e6 2. d4 d5 3. Nc3 Nf6 4. e5 Nfd7 5. f4 c5 6. Nf3 Nc6 7. Be3 a6 8. Qd2 b5
9. dxc5 Bxc5 10. Ne2 Qb6 11. Bxc5 Nxc5 12. Ned4 Bd7 13. Nxc6 Bxc6 14. Qd4 b4
15. Bd3 O-O 16. O-O Rab8 17. Rfd1 Ba4 18. Rd2 Rfc8 19. Qf2 Rb7 20. Re1 Bb5 21.
Nd4 Bxd3 22. cxd3 b3 23. a3 Na4 24. h3 Rbc7 25. Ree2 Rc1+ 26. Kh2 Rb1 27. f5
Rcc1 28. fxe6 fxe6 29. Qf4 h6 30. Rf2 Re1 31. Qf8+ Kh7 32. Rf7 Rh1+ 33. Kg3 1-0

[Event "Muensterland op"]
[Site "Senden"]
[Date "2010.10.23"]
[Round "9.3"]
[White "Karpatchev, Aleksandr"]
[Black "Meertens, Martin"]
[Result "1-0"]
[WhiteElo "2472"]
[BlackElo "2154"]
[PlyCount "69"]
[EventDate "2010.??.??"]

1. e4 d6 2. d4 Nf6 3. Nc3 g6 4. f4 Bg7 5. Nf3 O-O 6. Be3 c5 7. dxc5 Qa5 8. Bd3
dxc5 9. Bd2 Qd8 10. Qe2 Nc6 11. e5 Nd5 12. Nxd5 Qxd5 13. Bc4 Qd8 14. O-O-O Bg4
15. Be3 Qa5 16. h3 Bxf3 17. Qxf3 Qb4 18. Bd5 Rac8 19. a3 Qa5 20. h4 e6 21. Be4
c4 22. c3 Rfd8 23. Rxd8+ Nxd8 24. h5 Bf8 25. hxg6 fxg6 26. Bd4 Qc7 27. g4 Nc6
28. Be3 b5 29. Qh3 Qf7 30. f5 Nxe5 31. Bd4 exf5 32. Bd5 Bh6+ 33. Qxh6 Qxd5 34.
Qxh7+ Kf8 35. Bxe5 1-0